Poverty versus population: (Record no. 506637)

000 -LEADER
fixed length control field 00479nam a2200169Ia 4500
008 - FIXED-LENGTH DATA ELEMENTS--GENERAL INFORMATION
fixed length control field 181130s2018 xx 000 0 und d
100 ## - MAIN ENTRY--PERSONAL NAME
Personal name Malhotra, Rashpal
245 ## - TITLE STATEMENT
Title Poverty versus population:
Remainder of title the causes and challenges to achieve sustainable development (Document)
260 ## - PUBLICATION, DISTRIBUTION, ETC.
Date of publication, distribution, etc. 2018
300 ## - PHYSICAL DESCRIPTION
Extent p.175-178.
504 ## - BIBLIOGRAPHY, ETC. NOTE
-- Mar
650 ## - SUBJECT ADDED ENTRY--TOPICAL TERM
Topical term or geographic name entry element Population
650 ## - SUBJECT ADDED ENTRY--TOPICAL TERM
Topical term or geographic name entry element Poverty
650 ## - SUBJECT ADDED ENTRY--TOPICAL TERM
Topical term or geographic name entry element Sustainable development
773 ## - HOST ITEM ENTRY
Main entry heading Man and Development
906 ## - LOCAL DATA ELEMENT F, LDF (RLIN)
a Poverty
Holdings
Withdrawn status Lost status Damaged status Not for loan Permanent Location Current Location Date acquired Serial Enumeration / chronology Barcode Date last seen Price effective from Koha item type
        Indian Institute of Public Administration Indian Institute of Public Administration 2018-12-07 40(1), Mar, 2018: p.175-178. AR118432 2018-12-07 2018-12-07 Articles

Powered by Koha